000 00819nam a22001817a 4500
999 _c371920
_d371920
008 201127b ||||| |||| 00| 0 eng d
040 _aDE-2950
_bger
_cDE-2950
_erda
041 _ager
245 _aIHP bekommt Preis für Chancengleichheit
_bEngagement. Bereits zum fünften Mal ist das Leibnitz-Institut für Mikroelektronik in Frankfurt mit dem Prädikat Total E-Quality ausgezeichnet worden. In diesem Jahr ist in dem Unternehmen der erste Gleichstellungsplan verabschiedet worden/
264 _c2022
653 _aFrankfurt (Oder)
653 _aIHP
773 _dFrankfurt (Oder) Märkisches Verlags- und Druckhaus GmbH & Co KG
_tMärkische Oderzeitung
_g33. Jahrgang (2022) Nr. 253 vom 29 ./30.10.2022, S. 21; mit Foto
942 _cA